Welcome to CU Library Online Public Access Catalogue (OPAC)

A Basic Course in Statistics (Record no. 5499)

MARC details
000 -LEADER
fixed length control field 00508nam a22001937a 4500
005 - DATE AND TIME OF LATEST TRANSACTION
control field 20250422155820.0
008 - FIXED-LENGTH DATA ELEMENTS--GENERAL INFORMATION
fixed length control field 250422b |||||||| |||| 00| 0 eng d
020 ## - INTERNATIONAL STANDARD BOOK NUMBER
International Standard Book Number 0340731583
050 ## - LIBRARY OF CONGRESS CALL NUMBER
Classification number HA29 CLA
100 ## - MAIN ENTRY--PERSONAL NAME
Personal name Clarke G. M.
245 ## - TITLE STATEMENT
Title A Basic Course in Statistics
Statement of responsibility, etc. G. M. CLarke & D. Cooke
250 ## - EDITION STATEMENT
Edition statement 4th Ed.
260 ## - PUBLICATION, DISTRIBUTION, ETC.
Place of publication, distribution, etc. London
Name of publisher, distributor, etc. Arnold
Date of publication, distribution, etc. 1998
300 ## - PHYSICAL DESCRIPTION
Extent xxiii. 672p.
Other physical details ill.
Dimensions 23 cm
500 ## - GENERAL NOTE
General note Includes Index
650 ## - SUBJECT ADDED ENTRY--TOPICAL TERM
Source of heading or term Statistics
700 ## - ADDED ENTRY--PERSONAL NAME
Personal name Cooke D.
942 ## - ADDED ENTRY ELEMENTS (KOHA)
Source of classification or shelving scheme Library of Congress Classification
Koha item type Books
Edition 4th Ed.
Suppress in OPAC No
999 ## -
-- 5499
-- 5499
Holdings
Withdrawn status Lost status Source of classification or shelving scheme Damaged status Not for loan Collection Home library Current library Shelving location Date acquired Total checkouts Full call number Barcode Date last seen Copy number Price effective from Koha item type
    Library of Congress Classification     Non-fiction Business Library (Miotso) Business Library (Miotso) General stacks 04/14/2025   HA29 CLA BSSM00001919 04/22/2025 1 04/14/2025 Books
    Library of Congress Classification     Non-fiction Business Library (Miotso) Business Library (Miotso) General stacks 04/14/2025   HA29 CLA BSSM00001920 04/22/2025 2 04/14/2025 Books
    Library of Congress Classification     Non-fiction Undergraduate Library (Christ Temple) Undergraduate Library (Christ Temple) General stacks 05/29/2025   HA 29 CLA ulct00002706 05/29/2025 1 05/29/2025 Books
    Library of Congress Classification     Non-fiction Undergraduate Library (Christ Temple) Undergraduate Library (Christ Temple) General stacks 05/29/2025   HA 29 CLA ulct00002707 05/29/2025 2 05/29/2025 Books
    Library of Congress Classification     Non-fiction Undergraduate Library (Christ Temple) Undergraduate Library (Christ Temple) General stacks 05/29/2025   HA 29 CLA ulct00002708 05/29/2025 3 05/29/2025 Books
© 2023-2024 Copyright: Central University Libraries. All Rights Reserved | Created by: Mahone Tech Office